ساغر ادب / (Record no. 198049)

MARC details
000 -LEADER
fixed length control field 00583nam a22001937a 4500
005 - DATE AND TIME OF LATEST TRANSACTION
control field 20230912162708.0
010 ## - LCCN (DPL NO)
LC control number UR-12233
020 ## - INTERNATIONAL STANDARD BOOK NUMBER
Terms of availability 300.00
International Standard Book Number 25823612
035 ## - SYSTEM CONTROL NUMBER
System control number U-10788
037 ## - SOURCE OF ACQUISITION
Source of stock number/acquisition DBAD/PUB
Stock number -
082 ## - DEWEY DECIMAL CLASSIFICATION NUMBER
Classification number 841
100 ## - MAIN ENTRY--PERSONAL NAME
Personal name ظفر ، سیّد آل
245 ## - TITLE STATEMENT
Title ساغر ادب /
Statement of responsibility, etc سیّد آل ظفر
246 ## - VARYING FORM OF TITLE
Title proper/short title Sagar-E-Adab /
Remainder of title by Syyed Aali Adab
260 ## - PUBLICATION, DISTRIBUTION, ETC. (IMPRINT)
Place of publication, distribution, etc Bihar
Name of publisher, distributor, etc Syed Alay Zafar
Date of publication, distribution, etc 2022 ء
270 ## - ADDRESS
Address B.R.A. Bihar University, Muzaffarpur
City Bihar
Postal code 842001
300 ## - PHYSICAL DESCRIPTION
Extent 400 ص
Dimensions 20cm(pbk)
942 ## - ADDED ENTRY ELEMENTS (KOHA)
Source of classification or shelving scheme Dewey Decimal Classification
Item type Urdu Bks
Classification part 841
Call number suffix ظ ف ر
Holdings
Withdrawn status Lost status Not for loan Collection code Home library Current library Date acquired Source of acquisition Cost, normal purchase price Full call number Barcode Copy number Cost, replacement price Koha item type
      Non-fiction Sarojini Nagar Sarojini Nagar 12/09/2023 DBAD/PUB 300.00 841 ظ ف ر U-10788 1 300.00 Urdu Bks

© Delhi Public Library
Hit Counter
free hit counter